Rubber factory effluents treatment with UASAB-stabilization pond-oxidation ditch method (Record no. 67580)

MARC details
000 -LEADER
fixed length control field 00566nam a2200169Ia 4500
100 ## - MAIN ENTRY--AUTHOR NAME
Personal name Daiqun Xiong
245 #0 - TITLE STATEMENT
Title Rubber factory effluents treatment with UASAB-stabilization pond-oxidation ditch method
260 ## - PUBLICATION, DISTRIBUTION, ETC. (IMPRINT)
Name of publisher Preprints of Papers. International Natural Rubber Conference 13-14 November 2006, Vietnam, pp.482-488.
650 ## - SUBJECT ADDED ENTRY--TOPICAL TERM
Topical Term Oxidation ditch
650 ## - SUBJECT ADDED ENTRY--TOPICAL TERM
Topical Term Rubber factory effluents
650 ## - SUBJECT ADDED ENTRY--TOPICAL TERM
Topical Term Stabilization pond
650 ## - SUBJECT ADDED ENTRY--TOPICAL TERM
Topical Term UASB
700 ## - ADDED ENTRY--PERSONAL NAME
Personal name Jusheng Jiang
700 ## - ADDED ENTRY--PERSONAL NAME
Personal name Qunhui Wang
942 ## - ADDED ENTRY ELEMENTS (KOHA)
Koha item type Journals
Holdings
Withdrawn status Lost status Damaged status Not for loan Home library Current library Shelving location Date acquired Koha item type
      Journals RRII Library RRII Library Rubber chemistry 13/02/2007 Journals